00881nam a2200241 i 4500001000300000245006900003260017600072300002100248490003100269610004200300650003100342650005100373830003100424020001500455040000800470041000700478080002100485920001800506942000700524008004100531999001700572952005000589bg00aAccession negotiations Poland on the road to the European Union. aWarszawa :bGovernment Plenitpotentiary for Poland's Accession Negotiations to the European Union. Chancellery of the Prime Minister Republic of Poland :b"ELIPSA",c2000. a108 s. ;c24 cm.1 aUnderstanding Negotiations29aUnia Europejskaxnegocjacje akcesyjne 9aHarmonizacja prawazPolska 9aPolska a Unia Europejskaxnegocjacje akcesyjne aUnderstanding Negotiations a8371513771 cBPK0 aen a341.24(438:4-67) a83-7151-377-1 cKS s pl f |000 0 pol  c39004d39004 00104071aBPKbBPKcmho57815p01545814yKS